000 00481nam a2200181Ia 4500
005 20250508152241.0
008 008 250505s9999 xx 000 0 eng d
037 _aTextual
040 _aFEDL
_beng
_cFEDL
041 _aeng
_2eng
084 _a808.1, DAN
_qFEDL
100 _aDanby John F
245 0 _aApproach to peotry
260 _aLondon, UK
_bWilliam Heinemann Limited
_c1949
300 _a122p.
942 _cTEXL
_h808.1, DAN
999 _c1335297
_d1335297